000 00911nas a2200289 4500
001 BR0800121
003 BR-BrBNA
005 20231205111436.0
007 ta
008 230509b bl.|||p| |||| 00| 00por d
040 _aBR-BrBNA
_bpor
_cBiblioteca Nacional de Agricultura
041 _a(Pt)
072 _aL73
100 1 _aThomé, S.M.G.
100 1 _aVasconcellos, S.A.
100 1 _aMorais, Z.M.
100 1 _aCamargo, C.R.A.
100 1 _aFerreira Neto, J.S.
245 1 _aInfluência da dosificação prolongada de organofosforados na resposta imune de hamsters vacinados com bacterina anti-leptospirose
650 _aVACINA
650 _aHAMSTER
650 _aLEPTOSPIROSE
650 _aIMUNIDADE
773 0 _tArquivos do Instituto Biológico (Brazil)
_xISSN 0020-3653
_g(Jan-Jul 1998), v. 65(1) p. 43-48
_wBR0800121
909 _a202311
_bLúcia
_c55
_dLúcia Elande
942 _2AGRIS
_n0
_cANA
999 _c192748
_d192748